La situation légale des marins en France read at Budapest on september 24th, 1908 at a conference of the International Law Association /

Elmentve itt :
Bibliográfiai részletek
Szerző: Govare Paul
Testületi szerző: Conference of the International Law Association (1908)(Budapest)
Dokumentumtípus: Cikk
Megjelent: 1908
Sorozat:Kolligátum
Kulcsszavak:Tengeri jog - Franciaország
Online Access:http://misc.bibl.u-szeged.hu/23442
LEADER 00718nab a2200181 i 4500
001 misc23442
005 20191111110547.0
008 170725s1908 hu o 0|| zxx d
040 |a SZTE Miscellanea Repozitórium  |b hun 
041 |a zxx 
100 1 |a Govare Paul 
245 1 3 |a La situation légale des marins en France   |h [elektronikus dokumentum] :  |b read at Budapest on september 24th, 1908 at a conference of the International Law Association /  |c  Govare Paul 
260 |c 1908 
300 |a 1-16 
490 0 |a Kolligátum 
695 |a Tengeri jog - Franciaország 
710 |a Conference of the International Law Association (1908)(Budapest) 
856 4 0 |u http://misc.bibl.u-szeged.hu/23442/1/87586_001-016.pdf  |z Dokumentum-elérés